D.H. Lawrence, pilgrim of the Apocalypse : (Record no. 19226)
[ view plain ]
| 000 -LEADER | |
|---|---|
| fixed length control field | 01030cam a2200325Ia 4500 |
| 001 - CONTROL NUMBER | |
| control field | 19226 |
| 003 - CONTROL NUMBER IDENTIFIER | |
| rucl marc code | BD-RjUL |
| 005 - DATE AND TIME OF LATEST TRANSACTION | |
| control field | 20211209000413.0 |
| 008 - FIXED-LENGTH DATA ELEMENTS--GENERAL INFORMATION | |
| fixed length control field | 140223t19571933nyu 000 0deng u |
| 020 ## - INTERNATIONAL STANDARD BOOK NUMBER | |
| International Standard Book Number | 0836955986 |
| 035 ## - SYSTEM CONTROL NUMBER | |
| System control number | (OCoLC)ocm00534615 |
| System control number | (BD-RjUL)19284 |
| System control number | (NNC)4627850 |
| 040 ## - CATALOGING SOURCE | |
| Transcribing agency | AKR |
| Modifying agency | OCL |
| -- | GZM |
| -- | WTU |
| -- | UKM |
| -- | BD-RjUL |
| Original cataloging agency | BD-RjUL |
| Language of cataloging | eng |
| 041 ## - LANGUAGE CODE | |
| Language code of text/sound track or separate title | eng |
| 082 04 - DEWEY DECIMAL CLASSIFICATION NUMBER | |
| Classification number | 811.9 |
| Author mark and year | GRD 1957 |
| 098 ## - OTHER CLASSIFICATION SCHEMES (OCLC) | |
| Call number based on other classification scheme | LQ1 |
| 100 1# - MAIN ENTRY--PERSONAL NAME | |
| Personal name | Gregory, Horace, |
| Dates associated with a name | 1898-1982. |
| 9 (RLIN) | 59159 |
| 245 10 - TITLE STATEMENT | |
| Title | D.H. Lawrence, pilgrim of the Apocalypse : |
| Remainder of title | a critical study / |
| 246 3# - VARYING FORM OF TITLE | |
| Title proper/short title | Pilgrim of the Apocalypse |
| 260 ## - PUBLICATION, DISTRIBUTION, ETC. (IMPRINT) | |
| Place of publication, distribution, etc. | New York : |
| Name of publisher, distributor, etc. | Grove Press, |
| Date of publication, distribution, etc. | c1957 |
| 300 ## - PHYSICAL DESCRIPTION | |
| Pagination | xxii, 118 p. ; |
| Size | 21 cm. |
| 490 1# - SERIES STATEMENT | |
| Series statement | Evergreen book ; |
| Volume/sequential designation | E-544 |
| 500 ## - GENERAL NOTE | |
| General note | First published in 1933 under title: Pilgrim of the Apocalypse. |
| 600 10 - SUBJECT ADDED ENTRY--PERSONAL NAME | |
| Personal name | Lawrence, D. H. |
| Fuller form of name | (David Herbert), |
| Dates associated with a name | 1885-1930 |
| General subdivision | Criticism and interpretation. |
| 830 #0 - SERIES ADDED ENTRY--UNIFORM TITLE | |
| Volume number/sequential designation | E-544. |
| Uniform title | Evergreen book ; |
| 942 ## - ADDED ENTRY ELEMENTS (KOHA) | |
| Source of classification or shelving scheme | Dewey Decimal Classification |
| Koha item type | Books |
| Lost status | Source of classification or shelving scheme | Damaged status | Not for loan | Collection code | Permanent Location | Current Location | Shelving location | Date acquired | Source of acquisition | Cost, normal purchase price | Total Checkouts | Full call number | Date last seen | Copy number | Koha item type |
|---|---|---|---|---|---|---|---|---|---|---|---|---|---|---|---|
| Dewey Decimal Classification | Not For Loan | Non-fiction | Central Library, University of Rajshahi | Central Library, University of Rajshahi | Reading Room | 20/02/1963 | Zeitlinger | 11.00 | 811.9 GRD 1957 | 23/02/2014 | C-1 | Books |